logo

Bir Sreshtho Munshi Abdur Rouf Library
Jhenaidah Cadet College

Guidance and Control of Spacecraft / (Record no. 4805)

MARC details
000 -LEADER
fixed length control field 00642nam a2200229 a 4500
001 - CONTROL NUMBER
JCCL Control Number 4805
003 - CONTROL NUMBER IDENTIFIER
JCCL marc code BD-JhCC
005 - DATE AND TIME OF LATEST TRANSACTION
control field 20171203185048.0
008 - FIXED-LENGTH DATA ELEMENTS--GENERAL INFORMATION
fixed length control field 171203s1966 u a|||| || | 001 0 eng d
035 ## - SYSTEM CONTROL NUMBER
system control number (BD-JhCC)4805
040 ## - CATALOGING SOURCE
Original cataloging agency BD-JhCC
Modifying agency BD-JhCC
041 ## - LANGUAGE CODE
Language code of Book eng
082 ## - DEWEY DECIMAL CLASSIFICATION NUMBER
Classification number 629.453
Author mark and Year HYM 1966
100 ## - MAIN ENTRY--PERSONAL NAME
Personal name Hymoff, Edward
245 ## - TITLE STATEMENT
Title Guidance and Control of Spacecraft /
Statement of responsibility, etc Edward Hymoff,
260 ## - PUBLICATION, DISTRIBUTION, ETC. (IMPRINT)
Place of publication, distribution, etc New York :
Name of publisher, distributor, etc Holt, Rinehart and Winston, Inc.,
Date of publication, distribution, etc 1966.
300 ## - PHYSICAL DESCRIPTION
Pagination 176 p. :
Other physical details ill. ;
Dimensions 20 cm.
504 ## - BIBLIOGRAPHY, ETC. NOTE
Bibliography, etc Includes Index and Bibliography
650 ## - SUBJECT ADDED ENTRY--TOPICAL TERM
Topical term or geographic name as entry element Space Vehicles
General subdivision Control System
942 ## - ADDED ENTRY ELEMENTS (KOHA)
Source of classification or shelving scheme Dewey Decimal Classification
Koha item type Books
Holdings
Source of classification or shelving scheme Damaged status Not for loan Home library Current library Shelving location Date of accession Total Checkouts Full call number Barcode Date last seen Copy number Koha item type
Dewey Decimal Classification     JCC Rouf Library JCC Rouf Library General Stacks 12/03/2017   629.453 HYM 1966 6274 12/03/2017 C-1 Books

JCC Library | Contacts | JCC Home

Last Update on 23 September 2017
Copyright @ 2017-2020 JCC Rouf Library
Rouf Library, Jhenidah Cadet College (JCC), Bangladesh